Things that are White - Statistics

General Stats
  • This quiz has been taken 51 times
  • The average score is 10 of 16
Answer Stats
Hint Answer % Correct
This sea ice made the Titanic sink Iceberg
98%
This round sphere comes from an oyster Pearl
89%
This is a fluffy thing that rain comes from Cloud
87%
We have 206 of these hard objects Bone
83%
This white grain is usually used for sushi Rice
83%
Precipitation perfect for angels Snow
74%
Most of us has 32 of these Tooth
66%
This fruit is brown on the outside and white in the inside Coconut
64%
This is one of the largest land carnivores Polar bear
64%
This ooey gooey treat is perfect on a graham cracker Marshmallow
60%
This type of whale has a bloated head Beluga
53%
Annoying bird that lives at the beach Gull
53%
This flower is white with a bit of yellow Daisy
51%
This living bird has the largest wingspan Albatross
40%
Floating sea ice Glacier
34%
White bird with orange bill Swan
34%
No matching quizzes found
Score Distribution
Percent of People with Each Score
Percentile by Number Answered
Your Score History
You have not taken this quiz